[Event "Heraklion Galaxy op 1st"]
[Site "Heraklion"]
[Date "2011.01.09"]
[Round "7"]
[White "Magoulianos, Nikolaos"]
[Black "Archoleon, Konstantinos"]
[Result "1-0"]
[WhiteElo "1005"]
[BlackElo "1292"]
[PlyCount "49"]
[EventDate "2011.01.04"]
[EventType "swiss"]
[EventRounds "7"]
[EventCountry "GRE"]
[SourceTitle "EXT 2024"]
[Source "ChessBase"]
[SourceDate "2023.10.10"]
[SourceVersion "1"]
[SourceVersionDate "2023.10.10"]
[SourceQuality "1"]

1. e4 c6 2. c4 d5 3. Nc3 dxc4 4. Bxc4 b5 5. Bb3 e6 6. Nf3 Be7 7. 0-0 Bd7 8. Ne5 Nf6 9. d4 Bb4 10. Bg5 h6 11. Bxf6 gxf6 12. Nd3 Na6 13. d5 c5 14. dxe6 fxe6 15. Qh5+ Kf8 16. Nf4 c4 17. Ng6+ Kg7 18. Nxh8 cxb3 19. axb3 Nc5 20. Nf7 Qe7 21. Nxh6 Nxb3 22. Rad1 Rh8 23. Qg4+ Kxh6 24. Rd3 Nc5 25. Rh3# 1-0

[Event "Heraklion Galaxy op 1st"]
[Site "Heraklion"]
[Date "2011.01.05"]
[Round "2"]
[White "Archoleon, Konstantinos"]
[Black "Papadakis, Michalis"]
[Result "0-1"]
[WhiteElo "1292"]
[BlackElo "2210"]
[PlyCount "44"]
[EventDate "2011.01.04"]
[EventType "swiss"]
[EventRounds "7"]
[EventCountry "GRE"]
[SourceTitle "EXT 2024"]
[Source "ChessBase"]
[SourceDate "2023.10.10"]
[SourceVersion "1"]
[SourceVersionDate "2023.10.10"]
[SourceQuality "1"]

1. e4 c5 2. Bc4 e6 3. Nc3 a6 4. a4 Nc6 5. d3 Nf6 6. Nf3 d5 7. exd5 exd5 8. Qe2+ Be7 9. Bb3 Bg4 10. Qd1 Nd4 11. Ba2 0-0 12. h3 Nxf3+ 13. gxf3 Bh5 14. Bg5 Re8 15. Kd2 Ne4+ 16. Nxe4 Bxg5+ 17. Nxg5 Qxg5+ 18. Kc3 Qf6+ 19. d4 Bxf3 20. Qd3 Be2 21. Qxe2 Qxd4+ 22. Kb3 Qb4# 0-1

[Event "Heraklion Galaxy op 1st"]
[Site "Heraklion"]
[Date "2011.01.05"]
[Round "3"]
[White "Pervolarakis, Emmanouil"]
[Black "Archoleon, Konstantinos"]
[Result "0-1"]
[WhiteElo "1005"]
[BlackElo "1292"]
[PlyCount "60"]
[EventDate "2011.01.04"]
[EventType "swiss"]
[EventRounds "7"]
[EventCountry "GRE"]
[SourceTitle "EXT 2024"]
[Source "ChessBase"]
[SourceDate "2023.10.10"]
[SourceVersion "1"]
[SourceVersionDate "2023.10.10"]
[SourceQuality "1"]

1. e4 c6 2. Nf3 d5 3. Nc3 Nf6 4. e5 Ne4 5. d4 e6 6. Bd3 Bb4 7. 0-0 Nxc3 8. Bd2 Nxd1 9. Bxb4 Nxb2 10. Be2 a5 11. Bd6 Nc4 12. Bxc4 dxc4 13. c3 f6 14. Nd2 b5 15. a4 Ba6 16. Rfb1 Nd7 17. Nf3 Qb6 18. Rc1 Kf7 19. Rab1 h6 20. h3 Ra7 21. Rb2 Qd8 22. g4 h5 23. Kg2 Rh6 24. Rcb1 Rg6 25. Kg3 f5 26. Nh4 f4+ 27. Kxf4 Qxh4 28. Rh1 hxg4 29. hxg4 Qxf2+ 30. Ke4 Rxg4# 0-1